000 00433nam a2200181Ia 4500
008 090124s9999 xx 000 0 und d
082 _b20770
_a2377
100 _aपवार रमेश
245 _a गुरु
250 _a1
260 _c1974
300 _a59
600 _aपवार रमेश
630 _a गुरु
700 _aपवार रमेश
730 _a गुरु
942 _cBOOK
999 _c134572
_d134572